| 000 | 00939cam a22002774a 4500 | ||
|---|---|---|---|
| 001 | 13550504 | ||
| 003 | GBCCL | ||
| 005 | 20241126110420.0 | ||
| 008 | 040407s2004 miu b 000 0 eng | ||
| 010 | _a 2004047167 | ||
| 020 | _a0802822339 (pbk. : alk. paper) | ||
| 040 |
_aDLC _cDLC _dDLC |
||
| 042 | _apcc | ||
| 050 | 0 | 0 |
_aBV600.3 _b.O75 2004 |
| 082 | 0 | 0 |
_a253.7 _222 _bOTT |
| 100 | 1 |
_aOtt, E. Stanley, _d1948- _94418 |
|
| 245 | 1 | 0 |
_aTransform your church with ministry teams / _cE. Stanley Ott. |
| 260 |
_aGrand Rapids, Mich. : _bWilliam B. Eerdmans Pub., _cc2004. |
||
| 300 |
_axi, 195 p. ; _c23 cm. |
||
| 504 | _aIncludes bibliographical references (p. 188-195). | ||
| 650 | 0 |
_aChurch renewal. _9963 |
|
| 650 | 0 |
_aGroup ministry. _94373 |
|
| 906 |
_a7 _bcbc _corignew _d1 _eocip _f20 _gy-gencatlg |
||
| 942 |
_2ddc _cBK |
||
| 999 |
_c2160 _d2160 |
||